000 00843nam a2200265Ia 4500
003 OSt
005 20220923215414.0
006 a|||||r|||| 00| 0
007 ta
008 220922b |||||||| |||| 00| 0 hin d
024 _a178,412
037 _cTextual
040 _aARTS
_cARTS
_bhin
041 _2hin
_ahin
082 _aO152,1M59:g, M5
100 _aरधुवंश
245 0 _aश्रीधर पाठक
246 _aShrīdhar pāṭhaka
260 _aदिल्ली
_b साहित्य अकादेमी
_c1985
300 _a66 पृ.
_ccm.
490 _aभारतीय साहित्य के निर्माता
650 _aहिन्दी साहित्य
_9156264
942 _hO152,1M59:g, M5
_cTEXL
_2CC
999 _c331794
_d331794